<?xml version="1.0" encoding="UTF-8"?><?xml-stylesheet type="text/xsl" href="static/style.xsl"?><OAI-PMH xmlns="http://www.openarchives.org/OAI/2.0/" xmlns:xsi="http://www.w3.org/2001/XMLSchema-instance" xsi:schemaLocation="http://www.openarchives.org/OAI/2.0/ http://www.openarchives.org/OAI/2.0/OAI-PMH.xsd"><responseDate>2026-04-17T04:15:01Z</responseDate><request verb="GetRecord" identifier="oai:www.recercat.cat:2117/108581" metadataPrefix="marc">https://recercat.cat/oai/request</request><GetRecord><record><header><identifier>oai:recercat.cat:2117/108581</identifier><datestamp>2025-07-22T17:55:23Z</datestamp><setSpec>com_2072_1033</setSpec><setSpec>col_2072_452951</setSpec></header><metadata><record xmlns="http://www.loc.gov/MARC21/slim" xmlns:dcterms="http://purl.org/dc/terms/" xmlns:xsi="http://www.w3.org/2001/XMLSchema-instance" xmlns:doc="http://www.lyncode.com/xoai" xsi:schemaLocation="http://www.loc.gov/MARC21/slim http://www.loc.gov/standards/marcxml/schema/MARC21slim.xsd">
   <leader>00925njm 22002777a 4500</leader>
   <datafield ind2=" " ind1=" " tag="042">
      <subfield code="a">dc</subfield>
   </datafield>
   <datafield ind2=" " ind1=" " tag="720">
      <subfield code="a">Riba Archilla, Laura</subfield>
      <subfield code="e">author</subfield>
   </datafield>
   <datafield ind2=" " ind1=" " tag="260">
      <subfield code="c">2014-09</subfield>
   </datafield>
   <datafield ind2=" " ind1=" " tag="520">
      <subfield code="a">En l’última dècada s’han desenvolupat noves tecnologies d’alt rendiment, les quals&#xd;
generen un volum de dades biològiques tan gran que ha motivat la creació de nous algo-&#xd;
rismes en el camp de la bioinformàtica per analitzar les dades generades. Aquests avenços&#xd;
han revolucionat la biologia molecular i han conduït a una nova mentalitat en la qual&#xd;
es desenvolupa una visió global dels sistemes biològics. En aquest context, actualment&#xd;
hi ha dues grans vies d’investigació: la integració de dades òmiques i la visualització de&#xd;
les variables originals. L’anàlisi de dades òmiques de més d’un tipus de forma simultània&#xd;
combinada amb la visualització de les relacions entre els milers de variables biològiques&#xd;
pot portar a una millor comprensió dels processos biològics. En aquest projecte s’estudia&#xd;
la tècnica del Kernel PCA juntament amb procediments per a representar les variables&#xd;
originals, s’aplica a dos conjunts de dades òmiques i es presenta de forma accessible amb&#xd;
aplicacions web interactives</subfield>
   </datafield>
   <datafield tag="653" ind2=" " ind1=" ">
      <subfield code="a">Àrees temàtiques de la UPC::Matemàtiques i estadística::Estadística aplicada</subfield>
   </datafield>
   <datafield tag="653" ind2=" " ind1=" ">
      <subfield code="a">Statistics -- Bioinformatics</subfield>
   </datafield>
   <datafield tag="653" ind2=" " ind1=" ">
      <subfield code="a">Dades òmiques</subfield>
   </datafield>
   <datafield tag="653" ind2=" " ind1=" ">
      <subfield code="a">Integració de dades</subfield>
   </datafield>
   <datafield tag="653" ind2=" " ind1=" ">
      <subfield code="a">Aprenentatge automàtic</subfield>
   </datafield>
   <datafield tag="653" ind2=" " ind1=" ">
      <subfield code="a">Mètodes kernel</subfield>
   </datafield>
   <datafield tag="653" ind2=" " ind1=" ">
      <subfield code="a">Visualització</subfield>
   </datafield>
   <datafield tag="653" ind2=" " ind1=" ">
      <subfield code="a">Kernel PCA</subfield>
   </datafield>
   <datafield tag="653" ind2=" " ind1=" ">
      <subfield code="a">Shiny</subfield>
   </datafield>
   <datafield tag="653" ind2=" " ind1=" ">
      <subfield code="a">Estadística</subfield>
   </datafield>
   <datafield tag="653" ind2=" " ind1=" ">
      <subfield code="a">Classificació AMS::62 Statistics</subfield>
   </datafield>
   <datafield ind2="0" ind1="0" tag="245">
      <subfield code="a">Integració de diferents fonts de dades òmiques i visualització de les variables originals mitjançant tècniques de Machine Learning</subfield>
   </datafield>
</record></metadata></record></GetRecord></OAI-PMH>